MARC details
| 000 -CABECERA |
| campo de control de longitud fija |
02411nab a2200289 ab4500 |
| 005 - FECHA Y HORA DE LA ÚLTIMA TRANSACCIÓN |
| campo de control |
20260428140844.0 |
| 008 - ELEMENTOS DE LONGITUD FIJA--INFORMACIÓN GENERAL |
| campo de control de longitud fija |
251016c2025 sp tr p#o# #00| eng d |
| 003 - IDENTIFICADOR DEL NÚMERO DE CONTROL |
| campo de control |
|
| 040 ## - FUENTE DE LA CATALOGACIÓN |
| Centro catalogador/agencia de origen |
MX-MxUPN |
| Lengua de catalogación |
spa |
| Centro/agencia transcriptor |
MX-MxUPN |
| Normas de descripción |
aacr2 |
| 100 1# - ASIENTO PRINCIPAL--NOMBRE PERSONAL |
| Nombre de persona |
Delgado Morales, Claudio |
| 9 (RLIN) |
59420 |
| 100 1# - ASIENTO PRINCIPAL--NOMBRE PERSONAL |
| Nombre de persona |
Duarte Hueros, Ana |
| 9 (RLIN) |
59421 |
| 100 1# - ASIENTO PRINCIPAL--NOMBRE PERSONAL |
| Nombre de persona |
Merino Godoy, María de los Ángeles |
| 9 (RLIN) |
59422 |
| 100 1# - ASIENTO PRINCIPAL--NOMBRE PERSONAL |
| Nombre de persona |
Conde Vélez, Sara |
| 9 (RLIN) |
59423 |
| 245 10 - MENCIÓN DE TÍTULO |
| Título |
Diseño y validación de un instrumento para evaluar la calidad de las apps gamificadas que promueven hábitos saludables en el alumnado de educación primaria y secundaria |
| Medio |
[recurso electrónico en línea] |
| 506 0# - NOTA DE RESTRICCIONES AL ACCESO |
| Limitaciones de acceso |
Acceso abierto |
| 520 3# - NOTA DE RESUMEN, ETC. |
| Sumario, etc. |
La promoción de la salud en edades tempranas a través de la tecnología gamificada ha emergido en los últimos años como una estrategia innovadora con grandes posibilidades educativas para mejorar áreas específicas de los hábitos saludables como la higiene, la alimentación, la actividad física o la educación digital entre otras, siendo necesaria la implicación de todos los ámbitos que rodean a niños, niñas y adolescentes, especialmente del contexto familiar, con el fin de alcanzar un bienestar integral. En concreto, destacan las aplicaciones móviles (apps) que incorporan contenidos relacionados con la salud y están dirigidas a niños, niñas y adolescentes. Sin embargo, la gran mayoría no cuentan con respaldo científico basado en conocimiento experto. Este estudio busca crear un instrumento sólido y fiable para que las familias evalúen la calidad de este software, asegurando su uso educativo y seguro. Se trata de un cuestionario de 39 ítems organizados en seis dimensiones. Tras una prueba piloto con 33 familias, los resultados de los análisis estadísticos realizados han revelado unas propiedades psicométricas muy favorables, sugiriendo la utilidad del instrumento para apoyar a las familias en la selección de este tipo de apps educativas. |
| Fuente proveedora |
RED |
| 653 #2 - TERMINO DE INDIZACION - NO CONTROLADO |
| Término no controlado |
Instrumentos de evaluación |
| 653 #2 - TERMINO DE INDIZACION - NO CONTROLADO |
| Término no controlado |
Validación |
| 650 #2 - ASIENTO SECUNDARIO DE MATERIA - TERMINO TEMATICO |
| Término de materia o nombre geográfico como elemento de entrada |
Aplicaciones móviles |
| 653 ## - TERMINO DE INDIZACION - NO CONTROLADO |
| Término no controlado |
Hábitos saludables |
| 650 #2 - ASIENTO SECUNDARIO DE MATERIA - TERMINO TEMATICO |
| Término de materia o nombre geográfico como elemento de entrada |
Menores |
| 773 ## - ENLACE AL DOCUMENTO FUENTE/ENTRADA DE REGISTRO ANFITRIÓN |
| Parte(s) relacionada(s) |
Vol. 25, no. 81 (2025), p. 1-29 |
| Título |
RED : Revista de educación a distancia |
| Número Internacional Normalizado para Publicaciones Seriadas |
1578-7680 |
| 856 4# - LOCALIZACIÓN Y ACCESO ELECTRÓNICOS |
| Identificador Uniforme del Recurso |
<a href="https://revistas.um.es/red/article/view/632871">https://revistas.um.es/red/article/view/632871</a> |
| 856 4# - LOCALIZACIÓN Y ACCESO ELECTRÓNICOS |
| Identificador Uniforme del Recurso |
<a href="https://revistas.um.es/red/article/view/632871/374951">https://revistas.um.es/red/article/view/632871/374951</a> |
| 902 ## - ELEMENTOS DE DATOS B LOCAL, LDB (RLIN) |
| Creó |
Leonor Sotres/280426 |
| 942 ## - ELEMENTOS DE PUNTO DE ACCESO ADICIONAL (KOHA) |
| Tipo de ítem Koha |
Artículo Electrónico |